Applications of graph theory algorithms /

Guardado en:
Autor Principal: Chachra, Vinod.
Otros Autores: Ghare, P. M., 1931-, Moore, James M. 1925-
Formato: Libro
Idioma:English
Publicado: New York : North-Holland New York, c1979.
Materias:
Etiquetas: Agregar Etiqueta
Sin Etiquetas, Sea el primero en etiquetar este registro!
LEADER 01372cam a2200265 a 4500
001 MAT.inmabb002728
008 781002s1979####nyua#####b####001#0#eng##
005 20110907154718.0
245 1 0 |a Applications of graph theory algorithms /  |c Vinod Chachra, Prabhakar M. Ghare, James M. Moore. 
260 |a New York :  |b North-Holland New York,  |c c1979. 
300 |a ix, 421 p. :  |b il. ;  |c 24 cm. 
521 8 |a "Specifically aimed at the practitioner who feels that some aspects of graph theory might help him conceptualize the problems faced in the everyday world."--Preface. 
505 8 |a Capítulos: 1. Basic concepts -- 2. Algorithms for paths and trees -- 3. Network flows and graph traversing -- 4. Algorithms for circuits and flow -- 5. Activity schedules -- 6. Construction -- 7. Sequencing and line balancing -- 8. Facilities design -- 9. Electrical energy -- 10. Pipeline flows, transportation and traffic -- 11. Production planning and control -- 12. Organization. 
504 |a Bibliografía: p. 415-416. 
510 4 |a MR,  |c 80f:90001 
020 |a 0444002685 
100 1 |a Chachra, Vinod. 
700 1 |a Ghare, P. M.,  |d 1931- 
700 1 |a Moore, James M.  |q (James Mendon),  |d 1925- 
650 0 |a Graph theory. 
650 0 |a Algorithms. 
084 |a 90-01 (90B10 90C35)  |2 msc2000 
010 |a  78023191  
040 |a DLC  |c DLC  |d DLC 
859 |h 90  |i C431  |p A-5182  |b BIB. MATEMATICA